Top 100 Personas más Importantes de la Historia - Estadísticas

Estadísticas generales
  • Esta prueba ha sido intentada 1.916 veces
  • La puntuación promedio es 29 de 100
Estadísticas de respuestas
# Pista Persona % Correcto
3 Fundador del Cristianismo. Jesús
96%
9 "Descubrió" América. Cristóbal Colón
95%
1 Fundador del Islam. Mahoma
89%
39 Dictador Alemán. Adolf Hitler
80%
13 Filósofo Griego. Aristóteles
79%
10 Científico Alemán. Albert Einstein
78%
67 Político y militar romano. Julio César
76%
40 Filósofo griego. Platón
73%
4 Fundador de una religión India. Buda
69%
65 Reyes Españoles. Isabel I | Fernando II
69%
2 Científico Inglés. Isaac Newton
67%
94 Reina inglesa. Isabel I
67%
16 Biólogo Británico. Charles Darwin
62%
84 Político ruso. Vladimir Lenin
62%
45 Músico alemán. Ludwig van Beethoven
54%
25 Creador del protestantismo. Martín Lutero
54%
34 Político y militar francés. Napoleón
54%
26 Político estadounidense. George Washington
53%
63 Conquistador Español. Hernán Cortés
50%
18 Primer emperador Romano. Augusto
48%
33 Político y militar griego. Alejandro Magno
46%
5 Fundador de una religión China. Confucio
46%
8 Reinventor de la Imprenta. Johannes Gutenberg
45%
48 Militar venezolano. Simón Bolivar
45%
50 Escultor, pintor y arquitecto italiano. Miguel Ángel
44%
62 Conquistador Español. Francisco Pizarro
41%
27 Filósofo alemán. Karl Marx
41%
31 Escritor británico. William Shakespeare
41%
49 Filósofo francés. René Descartes
39%
91 Inventor de la producción en cadena y de automóviles. Henry Ford
38%
12 Científico Italiano. Galileo Galilei
37%
29 Líder militar mongol. Genghis Khan
37%
19 Astrónomo Polaco. Nicolás Copérnico
36%
88 Emperador ruso. Pedro I
35%
81 Presidente estadounidense John F. Kennedy
34%
15 Profeta del Judaísmo. Moisés
34%
35 Inventor austriaco-estadounidense. Nikola Tesla
34%
30 Economista británico. Adam Smith
33%
11 Bioquímico Francés. Louis Pasteur
30%
89 Dictador que instauró el comunismo en China. Mao Zedong
30%
43 Científico escocés Alexander Fleming
29%
72 Músico alemán. Johann Sebastian Bach
29%
21 Emperador Romano. Constantino I
28%
58 Descubridor de las leyes de la herencia genética. Gregor Mendel
27%
6 Impulsor del Cristianismo. San Pablo
26%
28 Creadores del primer aeroplano. Hermanos Wright
25%
95 Desmontó el comunismo desde dentro en la Unión Soviética. Mijaíl Gorbachov
24%
97 Monarca Germánico. Carlomagno
23%
66 Dictador comunista soviético. Iósif Stalin
23%
86 Marino portugués. Vasco da Gama
23%
98 Poeta griego ciego. Homero
21%
69 Médico austríaco. Sigmund Freud
19%
99 Emperador bizantino. Justiniano I
18%
42 Científico escocés. Alexander Graham Bell
17%
38 Inventor italiano. Guillermo Marconi
17%
78 Filósofo suizo. Jean-Jacques Rousseau
15%
44 Filósofo británico. John Locke
15%
74 Filósofo francés. Voltaire
15%
20 Químico Francés. Antoine Lavoisier
14%
87 Emperador persa. Ciro II el Grande
13%
14 Matemático Griego. Euclides
13%
73 Filósofo chino. Lao-Tse
13%
79 Político y filósofo italiano. Nicolás Maquiavelo
13%
64 Político y filósofo estadounidense. Thomas Jefferson
13%
68 Rey inglés. Guillermo I
12%
22 Científico e Inventor Británico. James Watt
12%
51 Papa italiano. Urbano II
11%
23 Científico e inventor británico. Michael Faraday
10%
41 Político británico. Oliver Cromwell
10%
46 Científico alemán. Werner Heisenberg
10%
93 Padre de una religión de origen Persa. Zoroastro
10%
75 Astrónomo alemán. Johannes Kepler
9%
32 Científico británico. John Dalton
9%
57 Teólogo francés. Juan Calvino
9%
83 Religioso iraní, creador del Maniqueísmo. Mani
9%
7 Inventor del Papel. Cai Lun
8%
70 Inventor de la vacuna contra la viruela. Edward Jenner
8%
76 Inventor del primer reactor basado en la energía atómica. Enrico Fermi
8%
56 Físico neozelandés. Ernest Rutherford
8%
24 Físico británico. James Clerk Maxwell
8%
61 Creador del motor de combustión interna. Nikolaus August Otto
8%
90 Filósofo británico. Francis Bacon
7%
77 Matemático suizo. Leonhard Euler
7%
96 Primer faraón del Egipto unificado. Narmer
7%
17 Primer emperador y unificador de China. Qin Shi Huang
7%
37 Inventor de la anestesia. William Morton
7%
54 Religioso y filósofo argelino Agustín de Hipona
6%
60 Impulsor de la asepsia en las operaciones quirúrgicas. Joseph Lister
6%
100 Religioso indio, fundador de la religión yainista. Mahavira
6%
92 Filósofo confucionista. Mencio
6%
53 Emperador indio. Aśoka
5%
47 Escenógrafo francés. Louis Daguerre
5%
59 Físico alemán. Max Planck
5%
52 Descendiente político de Mahoma. Umar
5%
36 Científico neerlandés. Anton van Leeuwenhoek
4%
85 Unificador de China posterior a Shih Huang-Ti. Sui Went-Ti
4%
71 Descubridor de los rayos X. Wilhelm Röntgen
4%
82 Creador de la píldora anticonceptiva. Gregory Pincus
3%
80 Economista británico. Thomas Malthus
3%
55 Médico inglés. William Harvey
3%
No se encontraron pruebas coincidentes
Distribución de puntuación
Porcentaje de gente con cada puntuación
Porcentaje por número respondido
Historial de tus puntuaciones
No has intentado esta prueba.